Ulice Suwałk z miastami w nazwie - Statystyki

Ogólne statystyki
  • Ten quiz został rozwiązany 35 razy
  • Średni wynik to 16 z 65
Statystyki odpowiedzi
Typ Nazwa % Poprawnych
Ulica Warszawska
85%
Ulica Krakowska
81%
Ulica Białostocka
70%
Ulica Poznańska
70%
Ulica Gdańska
67%
Ulica Bydgoska
63%
Ulica Wrocławska
59%
Ulica Augustowska
52%
Ulica Toruńska
52%
Ulica Ełcka
48%
Ulica Lubelska
48%
Ulica Katowicka
44%
Ulica Sejneńska
44%
Ulica Szczecińska
44%
Ulica Elbląska
41%
Ulica Łódzka
41%
Ulica Olsztyńska
41%
Ulica Łomżyńska
37%
Ulica Sopocka
37%
Ulica Częstochowska
33%
Ulica Gorzowska
33%
Ulica Radomska
33%
Ulica Rzeszowska
33%
Ulica Zielonogórska
33%
Ulica Kielecka
30%
Ulica Olecka
30%
Ulica Gołdapska
26%
Ulica Ostrołęcka
26%
Ulica Filipowska
22%
Ulica Giżycka
22%
Ulica Kaliska
22%
Ulica Opolska
22%
Ulica Piotrkowska
22%
Ulica Płocka
22%
Ulica Siedlecka
19%
Ulica Słupska
15%
Ulica Węgorzewska
15%
Ulica Wileńska
15%
Ulica Konińska
11%
Ulica Krośnieńska
11%
Ulica Tarnobrzeska
11%
Ulica Chełmska
7%
Ulica Ciechanowska
7%
Ulica Jeleniogórska
7%
Ulica Koszalińska
7%
Ulica Legnicka
7%
Ulica Pilska
7%
Ulica Przemyska
7%
Ulica Skierniewicka
7%
Ulica Tarnowska
7%
Ulica Wałbrzyska
7%
Ulica Włocławska
7%
Ulica Grunwaldzka
4%
Ulica Iławska
4%
Ulica Kowieńska
4%
Ulica Sieradzka
4%
Ulica Zamojska
4%
Ulica Bielskobialska
0%
Ulica Nowosądecka
0%
Inne Pasaż Grande-Synthe
0%
Rondo Rondo 300-lecia Miasta Suwałk
0%
Rondo Rondo Bohaterów Powstania Sejneńskiego
0%
Rondo Rondo Ofiar Obławy Augustowskiej w Lipcu 1945 roku na Suwalszczyźnie
0%
Rondo Rondo Suwalskich Wolontariuszy
0%
Rondo Rondo Suwalskiej Brygady Kawalerii
0%
Nie znaleziono quizów pasujących do podanych kryteriów
Rozkład punktacji
Procent ludzi z każdym wynikiem
Percentyl według liczby udzielonych odpowiedzi
Twoja historia wyników
Nie rozwiązałeś tego quizu